书目信息 |
| 题名: |
黑暗的心脏
|
|
| 作者: | 约瑟夫·康拉社 | |
| 分册: | ||
| 出版信息: | 济南 山东文艺出版社 1984.07 |
|
| 页数: | 407页 | |
| 开本: | 19cm | |
| 丛书名: | ||
| 单 册: | ||
| 中图分类: | I561.5 | |
| 科图分类: | ||
| 主题词: | 文学 | |
| 电子资源: | ||
| ISBN: | 7-80657-168-X | |
| 000 | 00531nam0 2200193 45 | |
| 001 | 0308271020 | |
| 005 | 20030827104541.6 | |
| 010 | @a7-80657-168-X@dRMB1.90 | |
| 100 | @a20030827d1984 km y0chiy0120 ea | |
| 101 | @achi | |
| 105 | @a z 000yy | |
| 200 | 1 | @a黑暗的心脏@Ahei an de xin zang@f约瑟夫.康拉社@Fyue se fu.kang la she |
| 210 | @a济南@c山东文艺出版社@d1984.07 | |
| 215 | @a407页@c无图表@d19cm | |
| 606 | 0 | @a文学 |
| 690 | @aI561.5@v3 | |
| 701 | 0 | @a约瑟夫·康拉社 |
| 801 | @aCN@b@c20030827 | |
| 905 | @aBZT@dI561.5@e260 | |
| 黑暗的心脏/约瑟夫.康拉社.-济南:山东文艺出版社,1984.07 |
| 407页:无图表;19cm |
| ISBN 7-80657-168-X:RMB1.90 |
| ● |
| 相关链接 |
|
|
|
正题名:黑暗的心脏
索取号:I561.5/260
 
预约/预借
| 序号 | 登录号 | 条形码 | 馆藏地/架位号 | 状态 | 备注 |
| 1 | 5421 | 200098198 | 中心书库中库/打包BH0166/ [索取号:I561.5/260] | 在馆 | |
| 2 | 5422 | 200098189 | 中心书库中库/打包BH0166/ [索取号:I561.5/260] | 在馆 |